Catálogo

EVOCACION A RECIFE Y OTROS POEMAS (Registro nro. 31140)

Detalles MARC
000 -LEADER
fixed length control field 00568nam a2200205 a 4500
001 - CONTROL NUMBER
control field 31140
005 - DATE AND TIME OF LATEST TRANSACTION
control field 20180713234510.0
008 - FIXED-LENGTH DATA ELEMENTS--GENERAL INFORMATION
fixed length control field 140415s1982 mx 000 0 spa d
020 ## - INTERNATIONAL STANDARD BOOK NUMBER
International Standard Book Number 9684342179
041 ## - LANGUAGE CODE
Language code of text/sound track or separate title spa
082 ## - DEWEY DECIMAL CLASSIFICATION NUMBER
Classification number 869
Item number BAN
100 1# - MAIN ENTRY--PERSONAL NAME
Personal name BANDEIRA, MANUEL
245 10 - TITLE STATEMENT
Title EVOCACION A RECIFE Y OTROS POEMAS
250 ## - EDITION STATEMENT
Edition statement 1a ed.
260 ## - PUBLICATION, DISTRIBUTION, ETC.
Place of publication, distribution, etc. MEXICO :
Name of publisher, distributor, etc. PREMIA EDITORA DE LIBROS,
Date of publication, distribution, etc. 1982
300 ## - PHYSICAL DESCRIPTION
Extent 54
490 ## - SERIES STATEMENT
Series statement LIBROS DEL BICHO
Volume/sequential designation 39
650 14 - SUBJECT ADDED ENTRY--TOPICAL TERM
Topical term or geographic name entry element LITERATURA PORTUGUESA
General subdivision POESIA PORTUGUESA
700 1# - ADDED ENTRY--PERSONAL NAME
Personal name MARTINEZ TORRES, JOSE
Relator term tr.
Existencias
Withdrawn status Lost status Source of classification or shelving scheme Damaged status Not for loan Collection code Home library Current library Shelving location Date acquired Source of acquisition Inventory number Total Checkouts Full call number Barcode Date last seen Price effective from Koha item type
    Dewey Decimal Classification     General Biblioteca Karol Wojtyla Biblioteca Karol Wojtyla Sala general 03/12/2013 Compra 151000000000000000034879   869 BAN 50580 05/01/2026 03/12/2013 Libro